Obama's Favorite Artists - Statistics

General Stats
  • This quiz has been taken 57 times
  • The average score is 4 of 23
Answer Stats
Artist # of Songs Featured Featured Song % Correct
Beyonce 5 Texas Hold 'Em
79%
The Rolling Stones 5 (I Can't Get No) Satisfaction
62%
Otis Redding 4 (Sittin' On) The Dock of the Bay
40%
Bob Marley 4 Could You Be Loved
23%
Bob Dylan 5 Tombstone Blues
17%
Nina Simone 4 Feeling Good
17%
Stevie Wonder 4 Don't You Worry 'Bout a Thing
17%
SZA 3 Snooze
17%
Jay Z 3 So Ambitious
15%
Maggie Rogers 3 Love You for a Long Time
15%
Miles Davis 4 Blue in Green
15%
Aretha Franklin 4 Rock Steady
13%
Billie Holiday 3 I'll Be Seeing You
11%
Drake 3 Too Good
11%
John Coltrane 3 Blue Train
9%
Nas 3 The World Is Yours
9%
Ella Fitzgerald 3 How High the Moon
8%
D'angelo 4 Lady
6%
H.E.R. 4 As I Am
6%
John Legend 3 Green Light
6%
Rosalia 3 Saoko
6%
Charles Mingus 3 Wednesday Night Prayer Meeting
4%
Common 3 Forever Begins
4%
No matching quizzes found
Score Distribution
Percent of People with Each Score
Percentile by Number Answered
Your Score History
You have not taken this quiz